<?xml version="1.0" encoding="UTF-8"?>
<marc:record xmlns:marc="http://www.loc.gov/MARC21/slim">
   <marc:leader>00000nam a2200000 a 4500</marc:leader>
   <marc:datafield ind1="1" ind2=" " tag="100">
      <marc:subfield code="a">Bhattacharya, Malavika</marc:subfield>
      <marc:subfield code="4">aut</marc:subfield>
      <marc:subfield code="e">Verfasser/-in</marc:subfield>
   </marc:datafield>
   <marc:datafield ind1="1" ind2=" " tag="100">
      <marc:subfield code="a">Edwards, Nick</marc:subfield>
      <marc:subfield code="4">aut</marc:subfield>
      <marc:subfield code="e">Verfasser/-in</marc:subfield>
   </marc:datafield>
   <marc:datafield ind1="1" ind2=" " tag="100">
      <marc:subfield code="a">Jacobs, Daniel</marc:subfield>
      <marc:subfield code="4">aut</marc:subfield>
      <marc:subfield code="e">Verfasser/-in</marc:subfield>
   </marc:datafield>
   <marc:datafield ind1="1" ind2=" " tag="100">
      <marc:subfield code="a">Meghji, Shafik</marc:subfield>
      <marc:subfield code="4">aut</marc:subfield>
      <marc:subfield code="e">Verfasser/-in</marc:subfield>
   </marc:datafield>
   <marc:datafield ind1=" " ind2=" " tag="653">
      <marc:subfield code="a">Ajanta</marc:subfield>
   </marc:datafield>
   <marc:datafield ind1=" " ind2=" " tag="653">
      <marc:subfield code="a">Bidar</marc:subfield>
   </marc:datafield>
   <marc:datafield ind1=" " ind2=" " tag="653">
      <marc:subfield code="a">Bijapur</marc:subfield>
   </marc:datafield>
   <marc:datafield ind1=" " ind2=" " tag="653">
      <marc:subfield code="a">Ellora</marc:subfield>
   </marc:datafield>
   <marc:datafield ind1=" " ind2=" " tag="653">
      <marc:subfield code="a">Gokarna</marc:subfield>
   </marc:datafield>
   <marc:datafield ind1=" " ind2=" " tag="653">
      <marc:subfield code="a">Hampi</marc:subfield>
   </marc:datafield>
   <marc:datafield ind1=" " ind2=" " tag="653">
      <marc:subfield code="a">Kochi</marc:subfield>
   </marc:datafield>
   <marc:datafield ind1=" " ind2=" " tag="653">
      <marc:subfield code="a">Konark</marc:subfield>
   </marc:datafield>
   <marc:datafield ind1=" " ind2=" " tag="653">
      <marc:subfield code="a">Madurai</marc:subfield>
   </marc:datafield>
   <marc:datafield ind1=" " ind2=" " tag="653">
      <marc:subfield code="a">Mamallapuram</marc:subfield>
   </marc:datafield>
   <marc:datafield ind1=" " ind2=" " tag="653">
      <marc:subfield code="a">Mumbai</marc:subfield>
   </marc:datafield>
   <marc:datafield ind1=" " ind2=" " tag="653">
      <marc:subfield code="a">Palolem</marc:subfield>
   </marc:datafield>
   <marc:datafield ind1=" " ind2=" " tag="653">
      <marc:subfield code="a">Rath Yatra</marc:subfield>
   </marc:datafield>
   <marc:datafield ind1=" " ind2=" " tag="653">
      <marc:subfield code="a">Varkala</marc:subfield>
   </marc:datafield>
   <marc:datafield ind1=" " ind2=" " tag="653">
      <marc:subfield code="a">Softcover / Reisen/Reiseführer/Asien</marc:subfield>
   </marc:datafield>
   <marc:datafield ind1=" " ind2=" " tag="653">
      <marc:subfield code="a">Führer</marc:subfield>
   </marc:datafield>
   <marc:datafield ind1="0" ind2="0" tag="245">
      <marc:subfield code="a">Indien, der Süden</marc:subfield>
   </marc:datafield>
   <marc:datafield ind1="0" ind2="0" tag="245">
      <marc:subfield code="c">Malavika Bhattacharya [und 8 andere] ; Übersetzung: Gunter Mühl, Kathrin Schnellbächer</marc:subfield>
   </marc:datafield>
   <marc:datafield ind1=" " ind2="1" tag="264">
      <marc:subfield code="a">Ostfildern</marc:subfield>
      <marc:subfield code="b">DuMont Reiseverlag</marc:subfield>
      <marc:subfield code="c">2017</marc:subfield>
   </marc:datafield>
   <marc:datafield ind1="1" ind2=" " tag="490">
      <marc:subfield code="a">Stefan Loose Travel Handbücher</marc:subfield>
   </marc:datafield>
   <marc:datafield ind1=" " ind2=" " tag="250">
      <marc:subfield code="a">7., vollständig überarbeitete Auflage</marc:subfield>
   </marc:datafield>
   <marc:datafield ind1="1" ind2=" " tag="520">
      <marc:subfield code="a">Angaben aus der Verlagsmeldung

Stefan Loose Reiseführer Indien, Der Süden / von David Abram, Nick Edwards, Mike Ford, Daniel Jacobs, Shafik Meghji, Devdan Sen, Gavin Thomas

Der Süden Indiens besticht durch seine Palmenstrände, Tempelstädte, seine mit Teeplantagen bedeckten Hügel und üppigen Wälder. Wer die Lagunen Keralas auf Wasserwegen durchquert und in einem guten Strandrestaurant frischen Fisch gegessen hat, wird von Indiens Süden garantiert in den Bann gezogen. Ungeachtet vereinzelter Kastenunruhen vergangener Jahre bleibt Südindien eines der entspanntesten und am problemlosesten zu bereisenden Reiseziele Asiens. Abgesehen von den abgeschiedensten Gegenden gibt es jede Menge Unterkünfte, die sauber und für westliche Maßstäbe billig sind, und in der Regel klappt es auch mit dem Transport, auch wenn die bloße Größe und die geografischen Hürden des Südens lange Fahrtzeiten bedeuten können. Das Stefan Loose Travel Handbuch "Indien - Der Süden" ist ein umfassender Reisebegleiter für Individualreisende. Das Buch gibt wertvolle Tipps zur Vorbereitung auf die Reise, von der Gesundheitsvorsorge über die Anreise bis zu Adressen von Yogaschulen und Ashrams, und führt in die indische Kultur und Geschichte ein, wobei auch Themen wie Umweltprobleme und die Situation der Frauen zur Sprache kommen. Zudem liefert dieser Indien-Reiseführer detaillierte Karten und umfangreiche Tipps zu Unterkünften, Restaurants, Einkaufsmöglichkeiten und Transportverbindungen. Das umfassende Glossar und der Sprachführer im Anhang sind hilfreiche Begleiter auf der Reise, und zahlreiche Literaturtipps regen dazu an, sich weiter mit dieser faszinierenden Kultur zu beschäftigen.
</marc:subfield>
   </marc:datafield>
   <marc:datafield ind1=" " ind2=" " tag="020">
      <marc:subfield code="a">9783770167784</marc:subfield>
      <marc:subfield code="9">9783770167784</marc:subfield>
   </marc:datafield>
   <marc:datafield ind1=" " ind2=" " tag="020">
      <marc:subfield code="a">3770167783</marc:subfield>
      <marc:subfield code="9">3770167783</marc:subfield>
   </marc:datafield>
   <marc:datafield ind1=" " ind2=" " tag="041">
      <marc:subfield code="a">ger</marc:subfield>
   </marc:datafield>
   <marc:datafield ind1=" " ind2=" " tag="300">
      <marc:subfield code="a">592 Seiten</marc:subfield>
   </marc:datafield>
</marc:record>
